Từ rừng thẳm Amazon đến quê hương Bolero Du ký
Ghi lại cuộc hành trình, những chuyến đi tìm hiểu cuộc sống, đất nước, con người cùng những cảm xúc của tác giả trước vẻ đẹp của Nam Mỹ
Wedi'i Gadw mewn:
| Prif Awdur: | |
|---|---|
| Fformat: | Llyfr |
| Iaith: | Undetermined |
| Cyhoeddwyd: |
Tp. Hồ Chí Minh
Nxb. Tp. Hồ Chí Minh ; Công ty Văn hoá Sáng tạo Trí Việt
2017
|
| Pynciau: | |
| Mynediad Ar-lein: | http://lrc.tdmu.edu.vn/opac/search/detail.asp?aID=2&ID=29363 |
| Tagiau: |
Ychwanegu Tag
Dim Tagiau, Byddwch y cyntaf i dagio'r cofnod hwn!
|
| Thư viện lưu trữ: | Trung tâm Học liệu Trường Đại học Thủ Dầu Một |
|---|
| LEADER | 00971nam a2200217Ia 4500 | ||
|---|---|---|---|
| 001 | TDMU_29363 | ||
| 008 | 210410s9999 xx 000 0 und d | ||
| 082 | |a 005.4 | ||
| 090 | |b NG527 | ||
| 100 | |a Nguyễn, Tập | ||
| 245 | 0 | |a Từ rừng thẳm Amazon đến quê hương Bolero | |
| 245 | 0 | |b Du ký | |
| 245 | 0 | |c Nguyễn Tập | |
| 260 | |a Tp. Hồ Chí Minh | ||
| 260 | |b Nxb. Tp. Hồ Chí Minh ; Công ty Văn hoá Sáng tạo Trí Việt | ||
| 260 | |c 2017 | ||
| 300 | |a 277tr., 32tr. ảnh | ||
| 520 | |a Ghi lại cuộc hành trình, những chuyến đi tìm hiểu cuộc sống, đất nước, con người cùng những cảm xúc của tác giả trước vẻ đẹp của Nam Mỹ | ||
| 650 | |a Nam Mỹ |x Khám phá; Du hành |v Du ký | ||
| 856 | |u http://lrc.tdmu.edu.vn/opac/search/detail.asp?aID=2&ID=29363 | ||
| 980 | |a Trung tâm Học liệu Trường Đại học Thủ Dầu Một | ||